| 000 | 00990nam a2200289 u 4500 | ||
|---|---|---|---|
| 001 | 187949 | ||
| 005 | 20260506081351.0 | ||
| 008 | 980529s1998 ||||||m| spa | ||
| 035 | _a187949 | ||
| 040 | _ccomduadb | ||
| 041 | _aspa | ||
| 080 | _aT | ||
| 080 | _aR/CD | ||
| 082 | 4 | _a362 | |
| 245 | 1 | 0 | _aLibertad asistida : una opcion de cambio para jovenes infractores-contraventores |
| 260 |
_aMedellín : _b[sin publicador], _c1998. |
||
| 300 | _a233h. il fotografias | ||
| 650 |
_aTrabajo social con jóvenes _950963 |
||
| 650 | 7 |
_aJuventud _2lemb _9130190 |
|
| 650 | 7 |
_aViolencia _2embne _932770 |
|
| 650 |
_aJuventud y violencia - Colombia _9155504 |
||
| 650 | 7 |
_aDelincuencia juvenil _2lemb _9860112 |
|
| 700 | 1 | 0 |
_aCastaneda Alzate, Sandra Liliana _4aut _eaut _9495215 |
| 700 | 1 | 0 |
_aMontoya Macias, Gloria Lucia _4aut _eaut _9279469 |
| 942 | _cTESIS | ||
| 999 |
_c88198 _d88198 |
||
| 500 | _aTesis (Especialista en Gerencia del Desarrollo Social). Universidad de Antioquia - Título del grado otorgado | ||